| 000 | 00715cam a22002413a 4500 | ||
|---|---|---|---|
| 001 | 23128 | ||
| 003 | PGUSA | ||
| 005 | 20140828083507.0 | ||
| 008 | 071020s2007||||xxu|||||s|||||000 1 eng d | ||
| 040 |
_aPGUSA _beng |
||
| 042 | _adc | ||
| 050 | 4 | _aPZ | |
| 050 | 4 | _aPR | |
| 100 | 1 |
_aFenn, George Manville, _d1831-1909 |
|
| 245 | 1 | 4 |
_aThe King's Esquires; Or, The Jewel of France _h[electronic resource] / _cGeorge Manville Fenn |
| 260 |
_bProject Gutenberg, _c2007 |
||
| 506 | _aPublic domain in the USA. | ||
| 516 | _aElectronic text | ||
| 653 | _aFrance -- History -- Francis I, 1515-1547 -- Fiction | ||
| 830 | 0 |
_aProject Gutenberg _v23128 |
|
| 856 | 4 | 0 | _uhttp://www.gutenberg.org/ebooks/23128 |
| 942 | _cEB | ||
| 999 |
_c252383 _d252383 |
||